000 00718nam a2200289Ia 4500
005 20260324135520.0
008 008 260324s9999 xx 000 0 eng d
020 _a9780203471111
037 _aEBOOK
040 _aCRL
040 _beng
040 _cCRL
041 _2eng
041 _aeng
084 _qCRL
100 _aStephen Hussey; Paul Thompson
_91200905
245 4 _aThe Roots of Environmental Consciousness
245 0 _bPopular Tradition and Personal Experience
260 _bTaylor and Francis
260 _c2000
365 _a
365 _b65.99
856 _uhttp://www.taylorfrancis.com/books/9780203471111
942 _cEBOOK
999 _c1802023
_d1802023